Biblioteca

Reciente discusión sobre los fundamentos neotestamentarios del ministerio sacerdotal (Registro nro. 69793)

Detalles MARC
000 -LÍDER
Campo fijo de descripción fija 01252nab a2200241 i 4500
001 - NÚMERO DE CONTROL
Campo de control 768714001
003 - IDENTIFICADOR DEL NÚMERO DE CONTROL
Campo de control CO-MdFUSB
005 - FECHA Y HORA DE LA ULTIMA TRANSACCIÓN
control field 20240520114111.0
008 - ELEMENTOS DE LONGITUD FIJA -- INFORMACIÓN GENERAL
Campo fijo de descripción fija -- Información general 240520t1972 sp ||||| |||| 00| 0 spa d
040 ## - FUENTE DE CATALOGACIÓN
Idioma de catalogación spa
Agencia que realiza la transcripción CO-MdFUSB
Agencia que realiza la modificación CO-MdFUSB
041 ## - CÓDIGO DE IDIOMA
Código de idioma para texto/pista de sonido o título separado spa
100 ## - ASIENTO PRINCIPAL--NOMBRE PERSONAL
Nombre personal Houdijk, Marinus,
Término relacionador autor
245 ## - TÍTULO
Título Reciente discusión sobre los fundamentos neotestamentarios del ministerio sacerdotal
Mención de responsabilidad / Marinus Houdijk ; traducido por Gilberto Gutiérrez
520 ## - NOTA DE RESUMEN, ETC.
Nota de sumario, etc. Por varios años se suscitó en Alemania una discusión acerca de los fundamentos neotestamentarios del ministerio sacerdotal, especialmente en torno al carácter sacerdotal del ministerio eclesiástico. El propósito de este artículo es subrayar algunos de los puntos más significativos de esta discusión.
630 07 - PUNTO DE ACCESO ADICIONAL DE MATERIA - TÍTULO UNIFORME
Título uniforme Biblia.
Parte o sección de la obra Nuevo Testamento
650 #7 - ASIENTO SECUNDARIO DE MATERIA - TERMINO TEMÁTICO
Término temático o nombre geográfico como elemento de entrada Secularización (Teología)
9 (RLIN) 6926
650 #7 - ASIENTO SECUNDARIO DE MATERIA - TERMINO TEMÁTICO
Término temático o nombre geográfico como elemento de entrada Hermenéutica bíblica
9 (RLIN) 7333
653 ## - TÉRMINO DE INDIZACIÓN - NO CONTROLADO
Término no controlado Ministerios en la Iglesia
700 ## - ENTR. SECUNDARIA - Nombre Personal (R)
Nombre de persona Gutiérrez, Gilberto,
Término indicativo de función traductor
773 0# - ASIENTO DE ITEM FUENTE
Biblionumber 49450
Itemnumber 82648
Otro identificador del ítem R2570
Título Revista internacional de teología Concilium
Número de control del registro (CO-MdFUSB)8
Número Internacional Normalizado para Publicaciones Seriadas (ISSN) 0210-1041
Parte(s) relacionada(s) / Volumen., número. (mes año), páginas Número 80, (diciembre, 1972), páginas: 573 - 583
Enumeración y primera página página: 573
942 ## - TIPO DE MATERIAL (KOHA)
Tipo de Item KOHA Artículos de Revista
945 ## - INFORMACIÓN LOCAL DEL REGISTRO
Catalogador Catherine Arias Alvarez - Practicante SENA

No hay ítems disponibles.

Biblioteca FUSBC | Teléfono: (57+4) 349 88 10 Ext. 141| WhatsApp (+57) 3005338115 
E-mail: biblioteca@unisbc.edu.co | Calle 76 87-14 Robledo Palenque, Medellín, Colombia

Con tecnología Koha